000 00319pab a2200145 454500
008 180718b2017 xxu||||| |||| 00| 0 eng d
100 _aNayar, Kuldip
245 _aHow unsafe are Muslims?
260 _c2017
300 _ap.7-8.
362 _a2 Sep
650 _aMuslims
773 _aMainstream
909 _a115775
999 _c115769
_d115769